E - Banking (Record no. 85818)
[ view plain ]
| 000 -LEADER | |
|---|---|
| fixed length control field | 00561nam a2200217Ia 4500 |
| 008 - FIXED-LENGTH DATA ELEMENTS--GENERAL INFORMATION | |
| fixed length control field | 230125s9999 xx 000 0 und d |
| 020 ## - INTERNATIONAL STANDARD BOOK NUMBER | |
| International Standard Book Number | 81-7881-064-6 |
| 041 ## - LANGUAGE CODE | |
| Language code of text/sound track or separate title | eng |
| 082 ## - DEWEY DECIMAL CLASSIFICATION NUMBER | |
| Classification number | 332.1 |
| Item number | ICF |
| 100 ## - MAIN ENTRY--PERSONAL NAME | |
| Personal name | Gupta V, Ed. |
| 9 (RLIN) | 109101 |
| 245 ## - TITLE STATEMENT | |
| Title | E - Banking |
| Remainder of title | Global Perspectives |
| 250 ## - EDITION STATEMENT | |
| Edition statement | 1st Ed. |
| 260 ## - PUBLICATION, DISTRIBUTION, ETC. (IMPRINT) | |
| Date of publication, distribution, etc. | 2002 |
| Name of publisher, distributor, etc. | ICFAI publication |
| Place of publication, distribution, etc. | Hyderabad |
| 300 ## - PHYSICAL DESCRIPTION | |
| Extent | 184p |
| 440 ## - SERIES STATEMENT/ADDED ENTRY--TITLE | |
| Title | ICFAI |
| 500 ## - GENERAL NOTE | |
| Keywords | ICFAI Series Book;E - Banking |
| 650 ## - SUBJECT ADDED ENTRY--TOPICAL TERM | |
| Topical term or geographic name as entry element | Financial Management |
| 700 ## - ADDED ENTRY--PERSONAL NAME | |
| Personal name | Gupta V, Ed. |
| 9 (RLIN) | 109101 |
| 906 ## - LOCAL DATA ELEMENT F, LDF (RLIN) | |
| b | 45 |
| Withdrawn status | Lost status | Damaged status | Not for loan | Home library | Current library | Date acquired | Vendor | Cost, normal purchase price | Bill number | Total Checkouts | Full call number | Barcode | Date last seen | Date last checked out | Cost, replacement price | Bill Date | Koha item type | Original Barcode |
|---|---|---|---|---|---|---|---|---|---|---|---|---|---|---|---|---|---|---|
| Smt. Hiraben Nanavati Institute of Management & Research for Women | Smt. Hiraben Nanavati Institute of Management & Research for Women | 25/09/2002 | ICFAI press | 300.00 | 480 | 1 | 332.1 ICF B03352 | HIMR-BK-3352 | 12/01/2026 | 03/09/2025 | 255.00 | 11/09/2002 | Books | B03352 |